Turkish chemical industry report August 2010.
| Format: | Book |
|---|---|
| Published: |
[S.I]:
Republic of Turkey Prime Ministry,
2010.
|
| Subjects: |
| LEADER | 00405cam a2200133 7i4500 | ||
|---|---|---|---|
| 001 | 0000026503 | ||
| 005 | 20110616090000.0 | ||
| 090 | 0 | 0 | |a P 338.4766 |b TUR |
| 245 | 0 | 0 | |a Turkish chemical industry report August 2010. |
| 260 | 0 | 0 | |a [S.I]: |b Republic of Turkey Prime Ministry, |c 2010. |
| 300 | # | # | |a 19p. |
| 650 | 0 | 0 | |a Chemical industry -- |z Turkey |
| 651 | 0 | 0 | |a Turkey |
| 999 | |a 0000028715 |b Book |c Products |e Business Information Centre | ||